Coalition governments in India (Record no. 351710)

000 -LEADER
fixed length control field 00400cam a22001217a 4500
008 - FIXED-LENGTH DATA ELEMENTS--GENERAL INFORMATION
fixed length control field 180718b1975 xxu||||| |||| 00| 0 eng d
082 ## - DEWEY DECIMAL CLASSIFICATION NUMBER
Classification number F51x54 K149
245 ## - TITLE STATEMENT
Title Coalition governments in India
Statement of responsibility, etc. edited by K.P. Karunakaran
260 ## - PUBLICATION, DISTRIBUTION, ETC.
Place of publication, distribution, etc. Simla
Name of publisher, distributor, etc. Indian Institute of Advanced Study
Date of publication, distribution, etc. 1975
300 ## - PHYSICAL DESCRIPTION
Extent 457p.
650 ## - SUBJECT ADDED ENTRY--TOPICAL TERM
Topical term or geographic name entry element India --Politics and government --1947- --Congresse
700 ## - ADDED ENTRY--PERSONAL NAME
Personal name Karunakaran, K.P.
Holdings
Withdrawn status Lost status Damaged status Not for loan Permanent Location Current Location Date acquired Full call number Barcode Date last seen Price effective from Koha item type
        Indian Institute of Public Administration Indian Institute of Public Administration 1993-11-16 F51x54 K149 51639 2018-07-21 2018-07-21 Book

Powered by Koha